|
|
|
|
| LEADER |
01035nam a2200289 a 4500 |
| 001 |
16606571 |
| 008 |
120523s2011 cau 000 0 eng |
| 010 |
|
|
|a 2011920517
|
| 020 |
|
|
|a 9781412928212
|
| 020 |
|
|
|a 9781412928229
|
| 040 |
|
|
|a DLC
|c DLC
|d BD-DhAAL
|
| 042 |
|
|
|a pcc
|
| 082 |
0 |
0 |
|a 302.2
|2 22
|
| 100 |
1 |
|
|a Jones, Paul.
|
| 245 |
1 |
0 |
|a Key concepts in communication and media studies /
|c Paul Jones, David Holmes.
|
| 250 |
|
|
|a 1st ed.
|
| 260 |
|
|
|a Thousand Oaks, CA :
|b SAGE Publications,
|c 2011.
|
| 300 |
|
|
|a xiii, 256 p. :
|b ill. ;
|c 25 cm.
|
| 490 |
0 |
|
|a SAGE key concepts.
|
| 504 |
|
|
|a Includes bibliographical references (p. 227-252) and index.
|
| 541 |
|
|
|e 00025268
|
| 650 |
|
0 |
|a Communication.
|
| 650 |
|
0 |
|a Mass media.
|
| 700 |
1 |
|
|a Holmes, David
|
| 852 |
1 |
|
|a Ayesha Abed Library
|c General shelf.
|
| 999 |
|
|
|c 12217
|d 12217
|
| 952 |
|
|
|0 0
|1 0
|2 ddc
|4 0
|6 302_200000000000000_JON
|7 0
|9 20293
|a BRACUL
|b BRACUL
|c GEN
|d 2012-05-24
|e karim International
|g 2230.00
|l 3
|m 10
|o 302.2 JON
|p 3010025268
|r 2020-03-04
|s 2020-02-02
|t 1
|w 2012-05-24
|y BK
|